000 00777cam a2200253 a 4500
001 14610533
005 20180903045426.0
008 061025s2007 caua b 001 0 eng
010 _a 2006035875
020 _a0805327258
020 _a9780805327250
040 _aDLC
_cDLC
_dDLC
041 _aeng
043 _an-us---
080 _a372.37
082 0 0 _a372.37 ANS
_222
100 1 _a25
101 _aEDU
245 1 0 _aTeaching today's health /
_cDavid J. Anspaugh, Gene Ezell.
504 _aIncludes bibliographical references and index.
906 _a7
_bcbc
_corignew
_d1
_eecip
_f20
_gy-gencatlg
942 _2ddc
_cBK
999 _c47437
_d47437